Human resources and higher education : stadd report of the commission on human resources and advanced education.

Сохранить в:
Библиографические подробности
Главный автор: Folger, John K. (autor)
Другие авторы: Astin, Helen S. (autor) (autor), Bayer, Alan E. (autor) (autor)
Формат:
Язык:английский
Предметы:
Метки: Добавить метку
Нет меток, Требуется 1-ая метка записи!

MARC

LEADER 00000cam^a2200000uu^4500
001 000484635
005 20250521000000.0
008 031208s1970^^^^^^^^^^^^rd^r^^000^0^eng^d
009 20260310125140.015
035 |a FCE 000027701 
035 |a FCE 023286 
037 |a Acervo ITESO - Biblioteca 
041 |a eng 
082 0 4 |a 379.5  |b FOLh 
100 |a Folger, John K.  |e (autor) 
245 1 0 |a Human resources and higher education :  |b stadd report of the commission on human resources and advanced education. 
264 |a New York :  |b Russell Sage Foundation,  |c 1970. 
300 |a 475 p. 
336 |a texto  |b txt  |2 rdacontenido 
337 |a sin mediación  |b n  |2 rdamedio 
338 |a volumen  |b nc  |2 rdasoporte 
649 |a XX 
650 |a Educación superior 
650 |a Relación educación-trabajo 
650 |a Recursos humanos 
650 |a Empleo 
650 |a Mercado de trabajo 
650 |a Profesiones 
650 |a Formación de profesionales 
650 |a Profesionistas 
650 |a Planificación de recursos humanos 
650 |a Estados Unidos 
700 |a Astin, Helen S.  |e (autor) 
700 |a Bayer, Alan E.  |e (autor) 
910 |a Fondo Centro de Estudios Educativos 
920 |a Impresos - Libros 
930 |a Fondos Especiales 
905 |a 133 
901 |a ALE023286  |b IT2  |c CEE  |u 20250521 
902 |a https://opac.biblio.iteso.mx/vufind/Record/000484635